Представление документа в формате MARC21

Поле Инд. ПП Название Значение
Тип записи a
Библиографический уровень m
001 _ Контрольный номер RU/URAIT/468959
005 _ Дата корректировки 20250915104103.2
008 Кодируемые данные 200214s2021 RU y f j 000 0 rus u
020 a ISBN 978-5-534-12895-6
c Цена, тираж 1279.00
040 a Служба первич. каталог. ИКО Юрайт
c Служба, преобразующая запись ИКО Юрайт
e Правила каталог. RCR
041 a Код языка текста rus
044 a Код страны публикации RU
080 a Индекс УДК 34(075.8)
084 2 Источник индекса rubbk
a Индекс другой классификации/Индекс ББК 67.7я73
100 1_ a Автор Цечоев Валерий Кулиевич
q Полное имя Валерий Кулиевич
245 a Заглавие История органов и учреждений юстиции России
b Продолж. заглавия Учебник для вузов
c Ответственность Цечоев В. К.
250 g пер. и доп
a Основные сведения об издании 3-е изд.
256 a Характеристики компьютерного файла Электрон. дан.
260 a Место издания Москва
b Издательство Юрайт
c Дата издания 2021
300 a Объем 421 с
440 a Серия Высшее образование
500 a Примечание URL: https://urait.ru/bcode/468959 (дата обращения: 23.11.2021).
520 a Аннотация В курсе рассматривается история органов и учреждений юстиции России от античности и по настоящее время. В исторической последовательности рассматриваются центральные и региональные органы и учреждения юстиции, судебная система и система юстиции, службы судебных приставов, исполнения наказаний, адвокатура и нотариат. Соответствует актуальным требованиям Федерального государственного образовательного стандарта высшего образования. Курс предлагается для магистрантов юридических факультетов, профессорско-преподавательского состава, для всех интересующихся историко-правовой тематикой.
538 a Прим. о системных особенностях Режим доступа: Электронно-библиотечная система Юрайт, для авториз. пользователей
653 a Ключевые слова Правоохранительные органы и силовые структуры
653 a Ключевые слова Право. Юриспруденция.
653 a Ключевые слова История органов и учреждений юстиции
856 40 u URL https://urait.ru/bcode/468959
x Примечание для ЭОР https://urait.ru/book/cover/5764A0DA-B997-4A07-9188-79E904E17FD8
z Примечание для пользователя Участвует в КО
856 41 u URL https://urait.ru/book/cover/5764A0DA-B997-4A07-9188-79E904E17FD8